000 00497nam a2200157Ia 4500
999 _c19615
_d19615
003 OSt
005 20200618151025.0
008 190216s9999||||xx |||||||||||||| ||und||
040 _coclc
082 _a954
_bMAJ/H
100 _aMajumdar, R C
_93013
245 4 _aThe History And Culture Of The Indian People :
_bThe Struggle For Empire /
_cR C Majumdar
260 _bBharatiya Vidya Bhavan,
_c1981.
_aNew Delhi:
300 _a940p
942 _cBK
_2ddc
_h954
_iMAJ/H
_k954
_mMAJ/H